00849cam a22002171 4500001001300000003000400013005001700017008004100034010001700075035001900092040005000111042001200161050001500173100005200188245021600240260002100456300001800477410006500495651005400560999001700614sd 34000122 DLC20260227112732.0791024s1927 nyu 000 0 eng c asd 34000122  a(OCoLC)5581174 aU. S. Dept. of State. LibrarycVidOCoLCdDLC apremarc00aDK266b.M21 aMcDonald, James G.q(James Grover),d1886-1964.10aSoviet Russia after ten years,cdiscussed by James G. McDonald, Stuart Chase and Edmund A. Walsh. A stenographic report of the 99th New York luncheon discussion, Nov. 19, 1927, of the Foreign Policy Association. aNew York,c1927. a31 p.c23 cm.20aForeign Policy Association.tPamphletvno. 47 Series 1927-28 0aSoviet UnionxPolitics and governmenty1917-1936. c89810d89810